Manual de urgencias Wyeth (Registro nro. 45852)

Detalles MARC
000 -ENCABEZADO
Número de control [NR] 00847nam a2200253Ia 4500
008 - DE LONGITUD FIJA DE DATOS DE ELEMENTOS - INFORMACIÓN GENERAL
Elementos de longitud fija [NR] 130821s1992 ck a grff spa
020 ## - NUMERO INTERNACIONAL NORMALIZADO PARA LIBROS [R]
Número Internacional Normalizado del libro [NR] 392312404X
040 ## - FUENTE DE CATALOGACION [NR]
Agencia de catalogación original [NR] Co-BoUCM
Idioma de catalogación [NR] spa
041 00 - CODIGO DE IDIOMA [R]
Código de idioma para texto/pista de sonido o título separado [R] Español
060 00 - SIGNATURA TOPOGRAFICA DE LA BIBLIOTECA NACIONAL DE MEDICINA (NLM) [R]
Número clasificador [R] WB 105
092 ## - SIGNATURA TOPOGRAFICA LOCAL
Número de clasificación local FMR 0026
100 1# - ASIENTO PRINCIPAL--NOMBRE PERSONAL [NR]
Nombre personal [NR] Rossi, Rolando
ID Autoridad 130511
245 10 - MENCION DE TITULO [NR]
Título [NR] Manual de urgencias Wyeth
Mención de responsabilidad, etc. [NR] Rolando Rossi, Gunter Dobler
260 ## - PUBLICACION, DISTRIBUCION, ETC. (PIE DE IMPRENTA) [R]
Lugar de publicación, distribución, etc. [R] Bogotá (Colombia)
Nombre del editor, distribuidor, etc. [R] CIMA
Fecha de publicación, distribución, etc. [R] 1992
300 ## - DESCRIPCION FISICA [R]
Extensión [R] 260 páginas
Otros detalles físicos [NR] ilustraciones
500 ## - NOTA GENERAL [R]
Nota general [NR] Libro de bodega disponible en 24 horas a partir de la solicitud.
650 04 - ASIENTO SECUNDARIO DE MATERIA - TERMINO TEMATICO [R]
Término temático o nombre geográfico como elemento de entrada [NR] Medicina de urgencias
Subdivisión de forma [R] Manuales
9 (RLIN) 89591
650 04 - ASIENTO SECUNDARIO DE MATERIA - TERMINO TEMATICO [R]
Término temático o nombre geográfico como elemento de entrada [NR] Medicina interna
Subdivisión de forma [R] Manuales
9 (RLIN) 19165
650 04 - ASIENTO SECUNDARIO DE MATERIA - TERMINO TEMATICO [R]
Término temático o nombre geográfico como elemento de entrada [NR] Urgencias médicas
9 (RLIN) 26003
650 04 - ASIENTO SECUNDARIO DE MATERIA - TERMINO TEMATICO [R]
Término temático o nombre geográfico como elemento de entrada [NR] Urgencias médicas
Subdivisión de forma [R] Manuales
9 (RLIN) 26003
700 1# - ASIENTO SECUNDARIO - NOMBRE PERSONAL [R]
Nombre personal [NR] Dobler, Günter
9 (RLIN) 130512
765 ## - ASIENTO DE IDIOMA ORIGINAL [R]
Asiento principal [NR] Notfall Taschenbuch
942 ## - ELEMENTOS DE ENTRADA AGREGADOS (KOHA)
Tipo de ítem principal el descrito en 300a Libro
Tema principal Medicina
Edición 1
Parte restante de la signatura top. R83i
Sistema de clasificación NLM
Clasificación WB 105
Existencias
Fecha de último préstamo Total préstamos Total Renewals Signatura topográfica Código de barras Última vez visto Ejemplar Price effective from Tipo de ítem Perdido Sistema de clasificación Dañado No prestable Tipo de ítem específico Suprimido Ubicación habitual Ubicación actual Localización Fecha de creación Forma de adquisición Costo Volúmen / Fascículo Nota pública (OPAC)
28/09/2017 5 5 WB 105 R83i 200008399 09/12/2017 Ej.1 03/02/2013 Libro   NLM     Libro   Bodega Bodega Préstamo 4 días después de solicitado 28/02/2005 Donación 26000.00    
22/02/2010     ~ 100103136 04/12/2025 Ej.1 03/02/2013 Libro   LOCAL     Fondos especiales   Claustro Claustro Procesos Técnicos 28/02/2010 Donación 26000.00 FMR 0026 Galería de donantes